Creación de empresas : homenaje al profesor José María Veciana Vergés = Entrepreneurship : Homage to Professor José María Veciana Vergés /
Gespeichert in:
| Weitere Verfasser: | |
|---|---|
| Format: | Buch |
| Sprache: | Spanisch |
| Veröffentlicht: |
Barcelona, España :
Universidad Autónoma de Barcelona,
2003, c2003
|
| Schriftenreihe: | (Manuales de la Universidad Autónoma de Barcelona ;
33) |
| Schlagworte: | |
| Tags: |
Keine Tags, Fügen Sie das erste Tag hinzu!
|
MARC
| LEADER | 00000nam^a2200000^a^4500 | ||
|---|---|---|---|
| 001 | 000157638 | ||
| 005 | 20250521000000.0 | ||
| 009 | 20260310100546.107 | ||
| 020 | |a 84-490-2314-9 | ||
| 037 | |a Acervo ITESO - Biblioteca | ||
| 041 | |a ESP | ||
| 082 | |a 658. 11 |b CRE | ||
| 245 | 0 | 0 | |a Creación de empresas : |b homenaje al profesor José María Veciana Vergés = Entrepreneurship : Homage to Professor José María Veciana Vergés / |c Coord. de Enric Genescà... [et al.]. |
| 264 | 4 | |a Barcelona, España : |b Universidad Autónoma de Barcelona, |c 2003, c2003 | |
| 300 | |a 807 p. | ||
| 336 | |a texto |b txt |2 rdacontenido | ||
| 337 | |a sin mediación |b n |2 rdamedio | ||
| 338 | |a volumen |b nc |2 rdasoporte | ||
| 440 | 1 | |a (Manuales de la Universidad Autónoma de Barcelona ; |v 33) | |
| 546 | |a Edición bilingüe español-inglés | ||
| 649 | |a XX | ||
| 650 | |a Emprendedores (Empresarios) | ||
| 650 | |a Empresarios | ||
| 650 | |a Empresa Familiar | ||
| 650 | |a Pequeña Empresa | ||
| 650 | |a Mediana Empresa | ||
| 650 | |a Formación de Empresas - |z España | ||
| 650 | |a Formación de Empresas - |x Aspectos Jurídicos | ||
| 650 | |a Filosofía Empresarial | ||
| 650 | |a Planeación Estratégica | ||
| 650 | |a Planeación Administrativa | ||
| 650 | |a Proceso Administrativo - |x Dirección | ||
| 650 | |a Administración Financiera | ||
| 650 | |a Administración - |x Estudio y Enseñanza | ||
| 650 | |a Ciencias Administrativas | ||
| 700 | |a Genescà, Enric |e (coordinación) | ||
| 910 | |a Fondo General | ||
| 920 | |a Impresos - Libros | ||
| 930 | |a Colección General | ||
| 905 | |a 101 | ||
| 901 | |a 0500087428 |b IT1 |c ACC |u 20250521 | ||
| 902 | |a https://opac.biblio.iteso.mx/vufind/Record/000157638 | ||